000 00365nam a22001457a 4500
020 _a978-1-260-09199-1
082 _a511
100 _aRosen, Kenneth H.
245 _aDiscrete Mathematics and its Applications
250 _a8th
260 _aNew York:
_bMcGraw Hill Education,
_c2019
300 _axix, 942p.: ill.; 27cm
500 _aInclude Index
942 _cBK
999 _c22134
_d22134